000 00325 a2200157 4500
001 178847
020 _a
040 _cMagnum
100 _aGontijo, Solange Avelar Fonseca
240 1 0 _aJabuti jatoba
_lpor
245 1 0 _aJabuti jatoba
362 0 _a1899
440 1 _aRHJ
697 _aMAGNITO: I/ANIMAIS
942 _cBK
999 _c178847
_d178847